[Event "GER-chT Federal Cup (Women)"]
[Site "Braunfels"]
[Date "2017.06.16"]
[Round "2.3"]
[White "Winterholler, Christina"]
[Black "Spiel, Marianne"]
[Result "1-0"]
[WhiteElo "2064"]
[BlackElo "1953"]
[PlyCount "91"]
[EventDate "2017.06.15"]
[EventType "team-swiss"]
[EventRounds "5"]
[EventCountry "GER"]
[SourceTitle "CBM 179 Extra"]
[Source "ChessBase"]
[SourceDate "2017.08.23"]
[SourceVersion "1"]
[SourceVersionDate "2017.08.23"]
[SourceQuality "1"]
[WhiteTeam "Bayern (W) II"]
[BlackTeam "Bayern (W)"]
[WhiteTeamCountry "GER"]
[BlackTeamCountry "GER"]

1. e4 e6 2. d4 d5 3. exd5 exd5 4. Bd3 Nf6 5. Nf3 Bd6 6. 0-0 0-0 7. c3 Bg4 8. Bg5 h6 9. Bh4 Nbd7 10. h3 Bxf3 11. Qxf3 c6 12. Nd2 Qb6 13. b3 Rfe8 14. Bf5 Qc7 15. Rfe1 Rxe1+ 16. Rxe1 Re8 17. Rxe8+ Nxe8 18. Qe3 Ndf6 19. Bxf6 Nxf6 20. Nf3 Qe7 21. Qxe7 Bxe7 22. Bc8 Ne4 23. Bxb7 Nxc3 24. Bxc6 f6 25. a4 Kf7 26. Kf1 Ke6 27. Ne1 Bd8 28. Nc2 Bb6 29. f3 Kd6 30. Be8 Na2 31. b4 Nc1 32. a5 Bc7 33. Kf2 Ke6 34. Bg6 Na2 35. Ke3 Nc3 36. Kd3 Nb5 37. Ne3 Bd6 38. Bf5+ Kf7 39. Nxd5 Bg3 40. Bd7 Nd6 41. b5 Nb7 42. a6 Na5 43. f4 g5 44. b6 gxf4 45. bxa7 f3 46. gxf3 1-0

[Event "Regionalliga SO 1617"]
[Site "Bayern"]
[Date "2017.04.30"]
[Round "9.1"]
[White "Winterholler, Christina"]
[Black "Kumic, Filip"]
[Result "0-1"]
[WhiteElo "2025"]
[BlackElo "2337"]
[PlyCount "56"]
[EventDate "2016.10.16"]
[EventType "team-tourn"]
[EventRounds "9"]
[EventCountry "GER"]
[SourceTitle "EXT 2019"]
[Source "ChessBase"]
[SourceDate "2018.10.10"]
[SourceVersion "1"]
[SourceVersionDate "2018.10.10"]
[SourceQuality "1"]
[WhiteTeam "Groebenzell II"]
[BlackTeam "Trostberg"]
[WhiteTeamCountry "GER"]
[BlackTeamCountry "GER"]

1. e4 c5 2. b3 g6 3. Bb2 Nf6 4. Qf3 d6 5. Bb5+ Nbd7 6. Bxf6 exf6 7. Nc3 Bg7 8. Qg3 0-0 9. Qxd6 f5 10. Nge2 fxe4 11. Bxd7 Qxd7 12. Qxc5 b6 13. Qe3 Bb7 14. 0-0 f5 15. g3 h6 16. h4 Qc6 17. Kh2 Kh7 18. Rg1 Rad8 19. Rad1 Bf6 20. a4 g5 21. hxg5 hxg5 22. Rh1 Kg6 23. Kg1 Rh8 24. Rxh8 Rxh8 25. Nb5 a6 26. Nbd4 Qd7 27. g4 f4 28. Qc3 Qxg4+ 0-1

[Event "Regionalliga SO 1617"]
[Site "Bayern"]
[Date "2017.03.19"]
[Round "7.5"]
[White "Winterholler, Christina"]
[Black "Fehrmann, Gregor"]
[Result "0-1"]
[WhiteElo "2025"]
[BlackElo "1938"]
[PlyCount "116"]
[EventDate "2016.10.16"]
[EventType "team-tourn"]
[EventRounds "9"]
[EventCountry "GER"]
[SourceTitle "EXT 2019"]
[Source "ChessBase"]
[SourceDate "2018.10.10"]
[SourceVersion "1"]
[SourceVersionDate "2018.10.10"]
[SourceQuality "1"]
[WhiteTeam "Groebenzell II"]
[BlackTeam "Bruckmuehl"]
[WhiteTeamCountry "GER"]
[BlackTeamCountry "GER"]

1. d4 Nf6 2. Nc3 d5 3. Bg5 e6 4. e4 dxe4 5. Bxf6 Qxf6 6. Nxe4 Qd8 7. Nf3 Be7 8. Bd3 Nd7 9. c3 b6 10. h4 Bb7 11. Nfg5 Nf6 12. Qf3 Rb8 13. Bb5+ Kf8 14. Nxf7 Kxf7 15. Ng5+ Kg8 16. Qe2 Qd6 17. 0-0-0 h6 18. Nxe6 Bd5 19. Rhe1 Bxe6 20. Qxe6+ Qxe6 21. Rxe6 Bd6 22. Rde1 h5 23. Kc2 Kh7 24. Bd3+ Kh6 25. Bb5 Rhf8 26. c4 Kh7 27. Bc6 Rbd8 28. a3 Ng4 29. Be4+ Kh8 30. f3 Nf6 31. d5 Nxe4 32. R1xe4 a5 33. Kc3 Kg8 34. Kd3 Kf7 35. g4 hxg4 36. fxg4 Rde8 37. Re2 Rxe6 38. Rxe6 g6 39. g5 Rh8 40. Re4 Re8 41. Rg4 a4 42. c5 Bxc5 43. Rxa4 Re3+ 44. Kc2 Bd6 45. Kd2 Rf3 46. Kc2 Rf4 47. Rxf4+ Bxf4 48. Kd3 Bg3 49. a4 Bxh4 50. b4 Be1 51. Kc4 Ke7 52. Kb5 Kd6 53. Kc4 Bd2 54. b5 Bxg5 55. Kd4 Bf6+ 56. Kc4 g5 57. Kb4 g4 58. a5 bxa5+ 0-1

[Event "BL2 Sued 1617 (Women)"]
[Site "Germany"]
[Date "2017.01.22"]
[Round "4.2"]
[White "Skibbe, Diana"]
[Black "Winterholler, Christina"]
[Result "0-1"]
[WhiteElo "2061"]
[BlackElo "2033"]
[PlyCount "88"]
[EventDate "2016.10.22"]
[EventType "team-tourn"]
[EventRounds "7"]
[EventCountry "GER"]
[SourceTitle "EXT 2018"]
[Source "ChessBase"]
[SourceDate "2017.10.13"]
[SourceVersion "1"]
[SourceVersionDate "2017.10.13"]
[SourceQuality "1"]
[WhiteTeam "Zeulenroda (W)"]
[BlackTeam "Hofheim (W)"]
[WhiteTeamCountry "GER"]
[BlackTeamCountry "GER"]

1. e4 e5 2. f4 exf4 3. Nf3 Be7 4. Bc4 Bh4+ 5. Kf1 d6 6. d3 Bg4 7. Nc3 c6 8. Bxf4 Qf6 9. Bg3 Bxg3 10. hxg3 b5 11. Bb3 Nd7 12. d4 b4 13. Nb1 Qg6 14. Kf2 Ngf6 15. Nbd2 0-0 16. Qe2 Rae8 17. Rae1 Nxe4+ 18. Nxe4 d5 19. Nh4 Bxe2 20. Nxg6 fxg6+ 21. Kxe2 Nf6 22. Kd3 Nxe4 23. Rhf1 Rxf1 24. Rxf1 Nxg3 25. Rf3 Nf5 26. c3 bxc3 27. bxc3 h5 28. Kd2 Re4 29. Rf2 Nd6 30. Kd3 Nf5 31. Bd1 h4 32. Bf3 Re1 33. Bg4 Nd6 34. Bd7 Ne4 35. Rf4 g5 36. Rf3 Rd1+ 37. Ke2 Rd2+ 38. Ke1 Rxg2 39. Bxc6 Rg1+ 40. Ke2 Nf6 41. Kf2 Ra1 42. Rf5 Rxa2+ 43. Kf3 g4+ 44. Kf4 Rf2+ 0-1

[Event "Nittenau-ch 16th"]
[Site "Nittenau"]
[Date "2016.09.18"]
[Round "5"]
[White "Winterholler, Christina"]
[Black "Sammet, Dominik"]
[Result "1-0"]
[WhiteElo "2038"]
[BlackElo "1696"]
[PlyCount "57"]
[EventDate "2016.09.16"]
[EventType "swiss"]
[EventRounds "5"]
[EventCountry "GER"]
[SourceTitle "EXT 2022"]
[Source "ChessBase"]
[SourceDate "2021.10.06"]
[SourceVersion "1"]
[SourceVersionDate "2021.10.06"]
[SourceQuality "1"]

1. e4 c5 2. b3 d6 3. Bb5+ Bd7 4. Bxd7+ Qxd7 5. c4 g6 6. Bb2 Nf6 7. d3 Bg7 8. Ne2 0-0 9. 0-0 Nc6 10. Nbc3 a6 11. h3 Rab8 12. f4 b5 13. Qd2 Nd4 14. Nxd4 cxd4 15. Ne2 bxc4 16. bxc4 e5 17. Ba3 Rfc8 18. Qa5 Ne8 19. Rab1 Qc6 20. Rb3 Rxb3 21. axb3 Rb8 22. Rb1 Qb6 23. Qe1 Nc7 24. b4 a5 25. Rb2 axb4 26. Rxb4 Qa7 27. Rxb8+ Qxb8 28. Bxd6 Qb3 29. Nc1 1-0

[Event "BL2 Sued 1516 (Women)"]
[Site "Germany"]
[Date "2016.02.28"]
[Round "7.3"]
[White "Winterholler, Christina"]
[Black "Zimmer, Elke"]
[Result "1-0"]
[WhiteElo "2044"]
[BlackElo "1942"]
[PlyCount "39"]
[EventDate "2015.09.26"]
[EventType "team-tourn"]
[EventRounds "7"]
[EventCountry "GER"]
[SourceTitle "EXT 2017"]
[Source "ChessBase"]
[SourceDate "2016.10.25"]
[SourceVersion "1"]
[SourceVersionDate "2016.10.25"]
[SourceQuality "1"]
[WhiteTeam "Hofheim (W)"]
[BlackTeam "Wadgassen/Differten (W)"]
[WhiteTeamCountry "GER"]
[BlackTeamCountry "GER"]

1. e4 d6 2. d4 Nf6 3. Nc3 g6 4. Nge2 Bg7 5. h3 b6 6. g4 Bb7 7. Bg2 h5 8. g5 Nfd7 9. 0-0 c5 10. f4 Nc6 11. Be3 a6 12. f5 cxd4 13. fxg6 dxc3 14. gxf7+ Kf8 15. Nf4 Kxf7 16. Ne6+ Kg6 17. e5 Ncxe5 18. Bxb7 Kh7 19. Be4+ Kg8 20. Nxd8 1-0

[Event "GER-ch rapid (Women)"]
[Site "chess24.com INT"]
[Date "2015.09.13"]
[Round "8"]
[White "Vogel, Heike"]
[Black "Winterholler, Christina"]
[Result "1-0"]
[WhiteElo "2140"]
[BlackElo "2044"]
[PlyCount "91"]
[EventDate "2015.09.12"]
[EventType "swiss (rapid)"]
[EventRounds "9"]
[EventCountry "GER"]
[SourceTitle "EXT 2017"]
[Source "ChessBase"]
[SourceDate "2016.10.25"]
[SourceVersion "1"]
[SourceVersionDate "2016.10.25"]
[SourceQuality "1"]
[WhiteTeam "Germany"]
[BlackTeam "Germany"]
[WhiteTeamCountry "GER"]
[BlackTeamCountry "GER"]

1. d4 d5 2. Nf3 Nf6 3. Bf4 g6 4. e3 Bg7 5. Be2 0-0 6. h4 h5 7. Ne5 Nbd7 8. Nd2 Nxe5 9. Bxe5 Ng4 10. Bxg7 Kxg7 11. Nf1 Qd6 12. Qd2 b6 13. f3 Nf6 14. 0-0-0 c5 15. g4 hxg4 16. h5 Rh8 17. h6+ Kh7 18. fxg4 Ne4 19. Qe1 c4 20. c3 b5 21. Bf3 a5 22. Bxe4 dxe4 23. Qf2 f6 24. Ng3 Qd5 25. Qf4 Bb7 26. Rdf1 Rhf8 27. Qc7 Rf7 28. Qf4 b4 29. Qf2 bxc3 30. bxc3 Qd6 31. Rfg1 Rb8 32. Qc2 Bc6 33. Kd2 Rff8 34. Ne2 Qa3 35. Rb1 Rxb1 36. Rxb1 Ba4 37. Qxe4 Qxa2+ 38. Ke1 Rf7 39. Rb7 Qa1+ 40. Kf2 Qa3 41. Qe6 Be8 42. Rb8 Qa4 43. Nf4 Qd7 44. Qe4 a4 45. Qxg6+ Kh8 46. Qxf7 1-0

[Event "GER-ch rapid (Women)"]
[Site "chess24.com INT"]
[Date "2015.09.13"]
[Round "9"]
[White "Winterholler, Christina"]
[Black "Ries, Jutta"]
[Result "0-1"]
[WhiteElo "2044"]
[BlackElo "1988"]
[PlyCount "82"]
[EventDate "2015.09.12"]
[EventType "swiss (rapid)"]
[EventRounds "9"]
[EventCountry "GER"]
[SourceTitle "EXT 2017"]
[Source "ChessBase"]
[SourceDate "2016.10.25"]
[SourceVersion "1"]
[SourceVersionDate "2016.10.25"]
[SourceQuality "1"]
[WhiteTeam "Germany"]
[BlackTeam "Germany"]
[WhiteTeamCountry "GER"]
[BlackTeamCountry "GER"]

1. e4 Nf6 2. e5 Nd5 3. d4 d6 4. Nf3 g6 5. c4 Nb6 6. Nc3 Bg7 7. Bf4 0-0 8. Be2 Nc6 9. exd6 cxd6 10. 0-0 Bg4 11. d5 Bxf3 12. gxf3 Ne5 13. Bxe5 Bxe5 14. Qd2 Rc8 15. f4 Bxc3 16. Qxc3 Nxd5 17. Qf3 Nf6 18. Qxb7 Rb8 19. Qxa7 Rxb2 20. Bf3 Nd7 21. Qd4 Rb4 22. a3 Ra4 23. Bc6 Ra5 24. Rfb1 Nc5 25. Qe3 Qc7 26. Bb5 Rfa8 27. Re1 R8a7 28. f5 Qc8 29. fxg6 hxg6 30. Qg5 Ne6 31. Qg3 Nd4 32. Re4 Qc5 33. Qe3 e5 34. a4 Qc8 35. Qh6 Nf5 36. Qh3 Qd8 37. Kh1 Qf6 38. Rg1 Nd4 39. Qd3 Kg7 40. Rg3 Ra8 41. Qf1 Rh8 0-1

[Event "GER-ch (Women)"]
[Site "Bad Wiessee"]
[Date "2015.02.13"]
[Round "8"]
[White "Weclawski, Dorota"]
[Black "Winterholler, Christina"]
[Result "0-1"]
[WhiteElo "2029"]
[BlackElo "2059"]
[PlyCount "69"]
[EventDate "2015.02.06"]
[EventType "swiss"]
[EventRounds "9"]
[EventCountry "GER"]
[SourceTitle "CBM 164 Extra"]
[Source "ChessBase"]
[SourceDate "2015.03.02"]
[SourceVersion "1"]
[SourceVersionDate "2015.03.02"]
[SourceQuality "1"]

1. d4 Nc6 2. Nf3 d5 3. Bf4 Bg4 4. Nbd2 f6 5. c3 e6 6. Qa4 Bd6 7. Bxd6 cxd6 8. e3 Nge7 9. h3 Bh5 10. g4 Bf7 11. Bd3 0-0 12. 0-0-0 a6 13. Kb1 b5 14. Qc2 Kh8 15. h4 Bg8 16. h5 Rc8 17. a3 e5 18. dxe5 dxe5 19. Nh4 e4 20. Nxe4 dxe4 21. Bxe4 Qa5 22. Ng6+ Nxg6 23. hxg6 h6 24. Rd6 Ne5 25. Bb7 Rcd8 26. Rxa6 Qc7 27. Be4 Nxg4 28. Rc6 Qd7 29. Rc5 Qe6 30. c4 Nxf2 31. Rh4 Rd1+ 32. Ka2 bxc4 33. Rc6 Qd7 34. Qxf2 c3+ 35. b3 0-1

[Event "GER-ch (Women)"]
[Site "Bad Wiessee"]
[Date "2015.02.13"]
[Round "9"]
[White "Winterholler, Christina"]
[Black "Schleining, Zoya"]
[Result "0-1"]
[WhiteElo "2059"]
[BlackElo "2361"]
[PlyCount "90"]
[EventDate "2015.02.06"]
[EventType "swiss"]
[EventRounds "9"]
[EventCountry "GER"]
[SourceTitle "CBM 164 Extra"]
[Source "ChessBase"]
[SourceDate "2015.03.02"]
[SourceVersion "1"]
[SourceVersionDate "2015.03.02"]
[SourceQuality "1"]

1. e4 c5 2. Nf3 Nc6 3. Bb5 e6 4. Bxc6 bxc6 5. d3 Ne7 6. h4 d6 7. Qe2 e5 8. c3 Bg4 9. h5 h6 10. Rh4 Be6 11. d4 g5 12. hxg6 Nxg6 13. Rh1 cxd4 14. cxd4 Bg7 15. dxe5 Nxe5 16. Nxe5 Bxe5 17. Qc2 Qb6 18. Nc3 Rb8 19. Na4 Qa6 20. Bd2 Qc4 21. Qxc4 Bxc4 22. Bc3 Bxc3+ 23. Nxc3 Rxb2 24. 0-0-0 Rxf2 25. Rxd6 Be6 26. Rhd1 Ke7 27. Rxc6 Rxg2 28. Rc7+ Kf6 29. Nd5+ Kg5 30. Rxa7 Rc8+ 31. Kb1 Rcc2 32. Ra5 Rb2+ 33. Ka1 Rbd2 34. Ne3+ Kg6 35. Rxd2 Rxd2 36. Ra6 Re2 37. Ra3 h5 38. Kb1 h4 39. Nd5 Rxe4 40. Ne7+ Kg5 41. Ra5+ f5 42. Kc1 h3 43. Nxf5 Bxf5 44. Rd5 h2 45. Rd1 Rh4 0-1

[Event "GER-ch (Women)"]
[Site "Bad Wiessee"]
[Date "2015.02.07"]
[Round "3"]
[White "Winterholler, Christina"]
[Black "Haehnel, Andrea"]
[Result "1-0"]
[WhiteElo "2059"]
[BlackElo "1616"]
[PlyCount "55"]
[EventDate "2015.02.06"]
[EventType "swiss"]
[EventRounds "9"]
[EventCountry "GER"]
[SourceTitle "CBM 164 Extra"]
[Source "ChessBase"]
[SourceDate "2015.03.02"]
[SourceVersion "1"]
[SourceVersionDate "2015.03.02"]
[SourceQuality "1"]

1. e4 e5 2. Bc4 Nc6 3. Nf3 Bc5 4. b4 Bxb4 5. c3 Be7 6. d4 exd4 7. Qb3 Na5 8. Bxf7+ Kf8 9. Qa4 Kxf7 10. Qxa5 d6 11. cxd4 h6 12. 0-0 b6 13. Qa4 Qd7 14. Qc4+ Kf8 15. Nc3 c6 16. Re1 Nf6 17. Nh4 Qe8 18. e5 d5 19. Qd3 Ne4 20. Ba3 Bxa3 21. Nxe4 Bb4 22. Nd6 Qh5 23. Ng6+ Kg8 24. Ne7+ Kf8 25. Ng6+ Kg8 26. Re3 Bxd6 27. exd6 Rh7 28. Re8+ 1-0